Welcome to the Holygrace Academy Library

Please use search bar below to get started

DAIVATHINTE PUSTHAKAM (Record no. 5004)

MARC details
000 -LEADER
fixed length control field 00449nam a22001457a 4500
020 ## - INTERNATIONAL STANDARD BOOK NUMBER
ISBN 978-81-264-6526-7
082 ## - DEWEY DECIMAL CLASSIFICATION NUMBER
Classification number 894.812.3
Item number RAM/D
100 ## - MAIN ENTRY--AUTHOR NAME
Personal name RAMANUNNI, K.P
245 ## - TITLE STATEMENT
Title DAIVATHINTE PUSTHAKAM
260 ## - PUBLICATION, DISTRIBUTION, ETC. (IMPRINT)
Place of publication KOTTAYAM
Name of publisher DC BOOKS
Year of publication 2017
300 ## - PHYSICAL DESCRIPTION
Number of Pages 686
520 ## - SUMMARY, ETC.
Summary, etc It is Lord Krishna and Prophet Muhammed as time travellers who are able to bridge stellar spaces and cosmic eras, and therefore able to offe
650 ## - SUBJECT ADDED ENTRY--TOPICAL TERM
Topical Term NOVEL
942 ## - ADDED ENTRY ELEMENTS (KOHA)
Koha item type Books
Holdings
Withdrawn status Lost status Collection code Home library Current library Shelving location Date acquired Source of acquisition Cost, normal purchase price Full call number Accession Number Koha item type
    Fiction Main Library Main Library SHELF-16- J- MALAYALAM NOVELS,FICTIONS 02/06/2018 Purchase 550.00 894.812.3 RAM/D 10214 Books